Statistics for Movies Set in Minnesota

Click here to take the quiz!

General Stats

  • This quiz has been taken 222 times
  • The average score is 4 of 10

Answer Stats

HintAnswer% Correct
Disgraced lawyer coaches misfit hockey team to greatnessMighty Ducks
72%
Dark Humor film about murder, don't ya know?Fargo
70%
Two elderly ice fishers fight over the new foxy lady in town.Grumpy Old Men
62%
U. of M. Hockey Coach leads USA past the Russians to GoldMiracle
56%
Rare blue bird goes south to repopulate his speciesRio
46%
Two Men fight to find the last available action figure for their kids' Christmas gift.Jingle All the Way
44%
Young boy is bequeathed a baseball team to manageLittle Big League
20%
Psycho-analysis of tween girl who pines for her former Minnesota life.Inside Out
15%
WWI-era teen enters a dog sled race to save the farmIron Will
7%
Quiet guy with heart condition saves his crush from attackUntamed Heart
7%

Score Distribution

Percentile by Number Answered

Percent of People with Each Score

Your Score History

You have not taken this quiz